| 000 | 00448nam a2200181Ia 4500 | ||
|---|---|---|---|
| 005 | 20250603145123.0 | ||
| 008 | 250603s9999 xx 000 0 und d | ||
| 020 | _a81-86308-36-9 | ||
| 050 | _aT 56.3 .D35/ | ||
| 100 | _aDalela, S. | ||
| 245 | 0 | _aIndustrial engineering and management systems | |
| 260 | _aNew Delhi | ||
| 260 | _bStandard Publisher Distribution | ||
| 260 | _c1997 | ||
| 300 | _a1272 p | ||
| 650 | _aNew Delhi | ||
| 942 | _cBK | ||
| 999 |
_c40930 _d40930 |
||